Полное собрание романов Александра Дюма [отца]. [Т. 22]: Сан-Феличе | [Капитан Поль (Запись № 6922554)

Подробности
000 -МАРКЕР
контрольное поле 01361nam2a22002771 4500
001 - ИДЕНТИФИКАТОР ЗАПИСИ
контрольное поле v19\rc\1947114
005 - ИДЕНТИФИКАТОР ВЕРСИИ
контрольное поле 20250619215714.0
035 ## - ДРУГИЕ СИСТЕМНЫЕ НОМЕРА
Идентификатор записи (NLR Aleph) 005053769
100 ## - ДАННЫЕ ОБЩЕЙ ОБРАБОТКИ
Данные общей обработки 20080428d1913 |||y0rusy50 ca
101 1# - ЯЗЫК РЕСУРСА
Язык текста, звукозаписи и т.д. русский
Язык оригинала французский
102 ## - СТРАНА ПУБЛИКАЦИИ ИЛИ ПРОИЗВОДСТВА
Страна публикации Российская Федерация
105 ## - ПОЛЕ КОДИРОВАННЫХ ДАННЫХ: ТЕКСТОВЫЕ МАТЕРИАЛЫ, МОНОГРАФИЧЕСКИЕ
Кодированные данные о монографическом текстовом документе a z |||||
200 1# - ЗАГЛАВИЕ И СВЕДЕНИЯ ОБ ОТВЕТСТВЕННОСТИ
Основное заглавие Сан-Феличе
-- [Капитан Поль
Первые сведения об ответственности Пер. "Б-ки для чтения"
215 ## - ФИЗИЧЕСКАЯ ХАРАКТЕРИСТИКА
Специфическое обозначение материала и объем 488, 116 с.
Другие сведения о физической характеристике ил.
316 ## - ПРИМЕЧАНИЯ ОБ ОСОБЕННОСТЯХ ЭКЗЕМПЛЯРА
Текст примечания Экз. РНБ (38.63.2.51): деф.: отсутствует 2-е произведение
Организация и экземпляр, к которому относится поле NLR: 38.63.2.51
461 #0 - УРОВЕНЬ НАБОРА
Встроенное поле 001v19\rc\1947092
-- 2001#$aПолное собрание романов Александра Дюма [отца]$fПод ред. П.В. Быкова. [Т. 1-24]$v[Т. 22]
-- 700#1$3RU\NLR\AUTH\776853$7ca$aДюма$bА.$cотец$f1802-1870$gАлександр
Системный номер (АБИС) связанной записи 6004899
Автор Дюма, А. (отец ; 1802-1870)
Место публикации Санкт-Петербург
Дата публикации [1913]
Первые сведения об ответственности Под ред. П.В. Быкова. [Т. 1-24]
Имя издателя, распространителя и т.д. П.П. Сойкин
Физическая характеристика 24 т.
Заглавие Полное собрание романов Александра Дюма [отца]
Номер тома [Т. 22]
540 1# - ДОПОЛНИТЕЛЬНОЕ ЗАГЛАВИЕ, ПРИМЕНЯЕМОЕ КАТАЛОГИЗАТОРОМ
Заглавие Капитан Поль
801 #0 - ИСТОЧНИК ЗАПИСИ
Страна Российская Федерация
Организация NLR
Правила каталогизации psbo
801 #1 - ИСТОЧНИК ЗАПИСИ
Страна Российская Федерация
Организация ProSoft-M
Источник данных rusmarc
852 ## - МЕСТОНАХОЖДЕНИЕ И ШИФР ХРАНЕНИЯ
Идентификатор организации NLR
Наименование фонда или коллекции (Sub-Location Identifier) Мф
Шифр хранения (Call Number) К-1/7463
852 ## - МЕСТОНАХОЖДЕНИЕ И ШИФР ХРАНЕНИЯ
Идентификатор организации NLR
Шифр хранения (Call Number) Л60 Б-3/102(22)
852 ## - МЕСТОНАХОЖДЕНИЕ И ШИФР ХРАНЕНИЯ
Идентификатор организации NLR
Шифр хранения (Call Number) 38.63.2.51(22)
942 ## - ДОПОЛНИТЕЛЬНЫЕ ЭЛЕМЕНТЫ ЗАПИСИ (АБИС)
Тип экземпляра АБИС Книга
980 ## - КОЛЛЕКЦИЯ
Название коллекции Национальная библиография
Экземпляры
Тип экземпляра Дата поступления Библиотека постоянного хранения Библиотека текущего хранения Место хранения Шифр хранения Штрих-код Статус экземпляра
Микрофильм 26.10.2013 РНБ (Московский) РНБ (Московский) Фонд микроформ Мф К-1/7463 5053769-10  
Книга 26.10.2013 РНБ (Садовая) РНБ (Садовая) Русский книжный фонд -Главное здание, Ленинский читальный зал Л60 Б-3/102(22) 5053769-20  
Книга 26.10.2013 РНБ (Садовая) РНБ (Садовая) Русский книжный фонд -Главное здание, Ленинский читальный зал 38.63.2.51(22) 5053769-30